Countries Starting with 'C' - Statistics

General Stats
  • This quiz has been taken 211 times
  • The average score is 13 of 15
Answer Stats
Continent Country % Correct
North America Canada
97%
South America Chile
97%
South America Colombia
97%
Asia China
92%
Europe Croatia
91%
North America Cuba
91%
Asia Cambodia
89%
Africa Cameroon
86%
North America Costa Rica
86%
Africa Chad
85%
Europe Czech Republic
84%
Africa Comoros
80%
Africa Central African Republic
75%
Africa Cape Verde
74%
Asia Cyprus
73%
No matching quizzes found
Score Distribution
Percent of People with Each Score
Percentile by Number Answered
Your Score History
You have not taken this quiz